000 00438nam a2200169Ia 4500
008 240729s9999 xx 000 0 und d
022 _a1687-9392
245 0 _aInternational Journal of Optics
260 _aUnited Kingdom
260 _bHindawi Limited
650 _a Optics. Light
650 _a Physics
650 _aScience
856 _uhttps://doaj.org/toc/79bec13206be4309aae4a540f81ddf4a
942 _2ddc
942 _cDOAJEJ
999 _c71422
_d71422
945 _a1
_bMadushi Gamage
_c1
_dMadushi Gamage